| 000 | 00421nam a22001217a 4500 | ||
|---|---|---|---|
| 082 | _a220 PRO | ||
| 100 |
_aGC Asfand yar GC Qaisar khan GC Saddam Zafar GC Rawal Riaz _972982 |
||
| 245 | _aPR-SOF-1885-Currency Exchange Rate Prediction using Machine learning techniques | ||
| 260 |
_aISLAMABAD _bNUST COLLEGE OF EME _c2020 |
||
| 650 |
_a DE-COMP-38 _972983 |
||
| 700 |
_aSupervised By Dr Arslan Shaukat _972984 |
||
| 942 | _cCR | ||
| 999 |
_c578903 _d578903 |
||